| 000 | 01095nam a22003377a 4500 | ||
|---|---|---|---|
| 003 | CHAP | ||
| 005 | 20250516062729.0 | ||
| 008 | 010926d2000 mx r 00110 spa d | ||
| 010 | _a87087 | ||
| 011 | _a88059 | ||
| 020 | _a9684630573 | ||
| 035 | _a98604 | ||
| 040 | _cCHAP | ||
| 082 | 0 | 4 |
_a639.3 _bM6 |
| 100 | 0 | 0 |
_aMorales Díaz, Armando. _978254 |
| 245 | 1 | 3 |
_aLa tilapia en México : _bbiología, cultivo y pesquerías _c/por Armando Morales Díaz |
| 260 |
_aMéxico, D.F. : _bA.G.T. , _c1991. |
||
| 300 |
_a190 p. : _bilus. |
||
| 590 |
_aBATCH-UPD _b10 _c20130110 _lUCH01 _h0038 |
||
| 590 |
_aBATCH-UPD _b10 _c20130110 _lUCH01 _h1404 |
||
| 590 |
_aBATCH-UPD _b10 _c20130409 _lUCH01 _h2022 |
||
| 590 |
_aBATCH-UPD _b10 _c20130410 _lUCH01 _h0853 |
||
| 590 |
_aBATCH-UPD _b10 _c20130914 _lUCH01 _h1830 |
||
| 590 |
_aCONVERSION _b10 _c20130109 _lUCH01 _h1348 |
||
| 650 | 1 | 4 |
_aPiscicultura _xMéxico. _988548 |
| 650 | 1 | 7 |
_aTilapia (nombre común) _2 _9113299 |
| 901 | _aBK | ||
| 905 | _aAlejandra Carrasco M. | ||
| 942 | _cLIBRO | ||
| 949 |
_a639.3 M6 _bBC _cLIBRO _d33724000888863 _eLIBRO _h103515 _i98604 _si |
||
| 999 |
_c87087 _d87087 |
||